Nové možnosti úpravy vzorky v HPLC analýze biologicky aktívnych látok v rastlinných vzorkách
Guardado en:
| Autor principal: | |
|---|---|
| Formato: | Libro |
| Lenguaje: | eslovaco |
| Publicado: |
Bratislava
STU FCHPT
2005
|
| Acceso en línea: | Ver en el OPAC |
| Etiquetas: |
Sin Etiquetas, Sea el primero en etiquetar este registro!
|
MARC
| LEADER | 00000nam a2200000 a 4500 | ||
|---|---|---|---|
| 005 | 20260127134323.0 | ||
| 008 | 061005 2006 xo 000 0 slo d | ||
| 035 | |a vtls008852503 | ||
| 039 | 9 | |y 200610051219 |z mschk03 | |
| 040 | |a STUSCHK1 |b slo |c STUSCHK1 |e AACR2 | ||
| 100 | 1 | |a Karasová, Gabriela | |
| 245 | 1 | |a Nové možnosti úpravy vzorky v HPLC analýze biologicky aktívnych látok v rastlinných vzorkách | |
| 260 | |a Bratislava |b STU FCHPT |c 2005 | ||
| 300 | |a 32 s. príloha, tab.,grafy,lit. | ||
| 500 | |a Obháj.: 6.3. 2006 | ||
| 500 | |a Katedra analytickej chémie | ||
| 500 | |a dizertačná práca | ||
| 910 | |a SCHK95 | ||
| 999 | |c 9752 |d 9752 | ||